Sanat - " Lähiöunelmii" -Teflon Brothers - Statistics

Yleistilastot
  • Tätä visaa on pelattu 210 kertaa
    209 viimeisimmän päivityksen jälkeen
  • Keskiarvotulos 149 / 239
Vastaustilastot
Vastaus % Oikein
Lähiöunelmii
93%
lähiöunelmii
93%
kii
90%
niitä
90%
mut
86%
84%
koska
82%
koskaan
82%
ei
81%
Ei
81%
oli
81%
ku
80%
saanko
80%
kolmannesta
79%
mielessä
79%
mutsi
79%
se
79%
silmät
79%
ja
78%
mun
78%
pyörittelen
78%
raidasta
78%
unelmii
78%
Unelmii
78%
lihavii
77%
pistän
77%
vuodesohvalla
77%
Vuodesohvalla
77%
ajat
76%
kun
76%
oo
76%
sen
76%
lisää
75%
maksaa
75%
nää
75%
olla
73%
Tarjoustaivaasta
73%
kai
72%
kaikki
71%
mul
71%
nolla
71%
piti
71%
suostu
70%
tarpeellinen
70%
vaihdetta
70%
en
69%
nukahdan
69%
Verkkarihousut
68%
et
66%
unii
66%
voi
66%
haluu
65%
aina
64%
elämä
64%
joissa
64%
safkana
64%
kaheksantoist
63%
nään
63%
sardiinei
63%
elää
62%
huutaa
62%
läksyt
62%
silti
62%
tarvitsin
62%
Tee
62%
vaa
62%
boi
61%
kohti
61%
vaan
60%
tavaroissa
59%
unohdan
59%
elämää
58%
tsygäs
58%
uin
58%
konkelissa
57%
uimaan
57%
valmiina
55%
mummon
54%
mutten
54%
on
53%
uusissa
52%
baikki
50%
haluun
49%
Haluun
49%
lennot
45%
mountain
45%
elettävä
41%
huomen
41%
kuolen
41%
Dan
39%
elän
39%
nuoren
38%
viinakaapin
38%
kerran
37%
nyt
36%
ollu
36%
nappula
33%
täyden
33%
ehjät
32%
ikin
32%
kengät
32%
koko
31%
rahalla
31%
Bangkokiin
30%
jalkaani
30%
laitan
30%
tänää
30%
mansionii
29%
ysineljä
29%
rändömii
28%
Seinällä
28%
unelmoin
28%
ne
26%
saita
26%
pläänei
25%
sillä
25%
samalla
24%
pikku
23%
taitaa
23%
taivaalla
23%
tavalla
23%
tulevaisuus
23%
pyysin
22%
kundina
21%
Mundialit
21%
anteeksiannon
20%
Brassi
20%
Copa
20%
hammockii
20%
saisinko
20%
selvä
20%
sitä
20%
Bilzerianin
19%
nyysin
19%
rimmata
19%
toimi
19%
vastausta
19%
polvistuin
18%
vailla
18%
hutsun
16%
joten
15%
ison
9%
kannus
8%
yytsin
7%
Ehtoja vastaavia visoja ei löytynyt
Tulosjakauma
Jokaisen tuloksen saaneiden osuus
Persentiili vastausten määrän mukaan
Tuloshistoriasi
Et ole pelannut tätä visaa sen viimeisimmän päivityksen jälkeen